Folklorinte varthamanam/ (Record no. 14872)

000 -LEADER
fixed length control field 00292nam a22001211a 4500
082 ## - DEWEY DECIMAL CLASSIFICATION NUMBER
Classification number M 398.2
Item number CHA/F
245 ## - TITLE STATEMENT
Title Folklorinte varthamanam/
Statement of responsibility, etc by Chandramohan K (ed.)
260 ## - PUBLICATION, DISTRIBUTION, ETC. (IMPRINT)
Name of publisher K Chandramohan,
Year of publication 2010.
Place of publication
300 ## - PHYSICAL DESCRIPTION
Number of Pages 152p.
650 ## - SUBJECT ADDED ENTRY--TOPICAL TERM
Topical Term Folklore
650 ## - SUBJECT ADDED ENTRY--TOPICAL TERM
Topical Term Social Sciences
942 ## - ADDED ENTRY ELEMENTS (KOHA)
Koha item type Book
Holdings
Withdrawn status Lost status Damaged status Not for loan Permanent Location Current Location Date acquired Cost, normal purchase price Full call number Accession Number Cost, replacement price Price effective from Koha item type
        Sree Sankaracharya University of Sanskrit Sree Sankaracharya University of Sanskrit 08.01.2015 80.00 M 398.2 CHA/F 065562 0.00 08.01.2015 Book